Tree health management evaluating trees for hazard

Đã lưu trong:
書目詳細資料
企業作者: International Society of Arboriculture
格式: 圖書
語言:Undetermined
出版: U.S.A. American Forestry Association 2000
主題:
標簽: 添加標簽
沒有標簽, 成為第一個標記此記錄!
Thư viện lưu trữ: Trung tâm Học liệu Trường Đại học Cần Thơ
LEADER 00581nam a2200193Ia 4500
001 CTU_103255
008 210402s9999 xx 000 0 und d
020 |c 32.66 
082 |a 631.5 
082 |b I.61 
110 |a International Society of Arboriculture 
245 0 |a Tree health management evaluating trees for hazard 
245 0 |c International Society of Arboriculture 
260 |a U.S.A. 
260 |b American Forestry Association 
260 |c 2000 
650 |a Cultivation,Arboriculture 
904 |i Năm 
980 |a Trung tâm Học liệu Trường Đại học Cần Thơ